Small Unmanned Aircraft Theory and Practice /

Saved in:
Bibliographic Details
Main Author: Beard, Randal W. (Author)
Other Authors: McLain, Timothy W.
Format: Book
Language:English
Published: New Jersey : Princeton University Press, 2012
Tags: Add Tag
No Tags, Be the first to tag this record!

MARC

LEADER 00000nam a22000003a 4500
001 0005475
003 SK-STU
005 20160119142244.9
007 ta
008 150618s ----xo-----e------000-0-----d
020 |a 978-0-691-14921-9 
040 |a STU  |b slo 
041 0 |a eng 
044 |a xxu 
080 |a 53.01 
100 1 |a Beard, Randal W.  |4 aut 
245 1 0 |a Small Unmanned Aircraft  |b Theory and Practice /  |c aut. Randal W Beard 
260 |a New Jersey :  |b Princeton University Press,  |c 2012 
300 |a 300 s. 
700 1 |a McLain, Timothy W.  |r Z6 
996 |b 284EK89517  |c E* 89517  |l EE31  |s P  |a 0  |w 0005475_0001